[Event "Grosseto 1st"]
[Site "Grosseto"]
[Date "2009.02.04"]
[Round "5"]
[White "Stepanov, Mikhail"]
[Black "Todorov, Ivan"]
[Result "1/2-1/2"]
[WhiteElo "2214"]
[BlackElo "2258"]
[PlyCount "68"]
[EventDate "2009.02.01"]
[EventType "tourn"]
[EventRounds "9"]
[EventCountry "ITA"]
[SourceTitle "CBM 128 Extra"]
[Source "ChessBase"]
[SourceDate "2009.03.05"]
[SourceVersion "2"]
[SourceVersionDate "2009.03.25"]
[SourceQuality "1"]

1. e4 e6 2. d4 d5 3. Nc3 Nf6 4. e5 Nfd7 5. f4 c5 6. Nf3 Nc6 7. Be3 cxd4 8. Nxd4 Bc5 9. Qd2 0-0 10. g3 Nxd4 11. Bxd4 a6 12. Bxc5 Nxc5 13. Bg2 b5 14. Qd4 Qb6 15. 0-0 b4 16. Nd1 a5 17. Ne3 Ba6 18. Rfd1 Rfc8 19. Bf3 Qc7 20. Rac1 Rab8 21. Ra1 Nb7 22. Qa7 Qc5 23. Qxc5 Nxc5 24. b3 a4 25. Rd4 a3 26. h4 Kf8 27. Kf2 Nd7 28. Rad1 Ke8 29. g4 h6 30. g5 hxg5 31. hxg5 Kf8 32. Rh1 Kg8 33. Kg3 g6 34. Ng4 Kg7 1/2-1/2

[Event "Grosseto 1st"]
[Site "Grosseto"]
[Date "2009.02.03"]
[Round "4"]
[White "Rossi, Pietro"]
[Black "Stepanov, Mikhail"]
[Result "0-1"]
[WhiteElo "2055"]
[BlackElo "2214"]
[PlyCount "82"]
[EventDate "2009.02.01"]
[EventType "tourn"]
[EventRounds "9"]
[EventCountry "ITA"]
[SourceTitle "CBM 128 Extra"]
[Source "ChessBase"]
[SourceDate "2009.03.05"]
[SourceVersion "2"]
[SourceVersionDate "2009.03.25"]
[SourceQuality "1"]

1. Nf3 c5 2. e4 Nc6 3. d4 cxd4 4. Nxd4 Nf6 5. Nc3 e5 6. Ndb5 d6 7. Nd5 Nxd5 8. exd5 Nb8 9. Bd3 a6 10. Nc3 Be7 11. Qh5 Nd7 12. Qg4 g6 13. Bh6 Nc5 14. Qg3 Bd7 15. Be2 Qb6 16. Rb1 Bf5 17. b4 Ne4 18. Nxe4 Bxe4 19. 0-0 Bf8 20. Qh4 Bxh6 21. Qxh6 Rc8 22. b5 a5 23. Rbc1 Bxd5 24. c4 Be6 25. Qg7 Ke7 26. c5 dxc5 27. Rfe1 Qd6 28. Red1 Qc7 29. Qh6 b6 30. Rd3 Rcd8 31. Qh4+ f6 32. Rf3 Rdf8 33. a3 Rf7 34. Rd3 Rd8 35. Rxd8 Kxd8 36. Bf3 Ke7 37. Qh6 Qd7 38. Rb1 c4 39. Be4 Qd4 40. Bc2 Qc3 41. Be4 Qxa3 0-1

[Event "Costa Serena Masters"]
[Site "Costa Serena"]
[Date "2009.01.27"]
[Round "5"]
[White "Stepanov, Mikhail"]
[Black "Dimitrov, Ivan L"]
[Result "1/2-1/2"]
[WhiteElo "2214"]
[BlackElo "2375"]
[PlyCount "164"]
[EventDate "2009.01.25"]
[EventType "tourn"]
[EventRounds "5"]
[EventCountry "FRA"]
[EventCategory "1"]
[SourceTitle "CBM 128 Extra"]
[Source "ChessBase"]
[SourceDate "2009.03.05"]
[SourceVersion "2"]
[SourceVersionDate "2009.03.25"]
[SourceQuality "1"]

1. d4 d5 2. c4 dxc4 3. e4 e5 4. d5 Nf6 5. Bg5 h6 6. Bxf6 Qxf6 7. Bxc4 a6 8. Nf3 Bd6 9. 0-0 0-0 10. Nbd2 Nd7 11. a3 g5 12. Ne1 Kg7 13. b4 Qg6 14. Be2 Nf6 15. f3 Nh5 16. Nc4 Nf4 17. Nd3 Nxd3 18. Qxd3 Bd7 19. Nxd6 cxd6 20. Rfc1 Rfc8 21. Qe3 Qf6 22. Qb6 Qf4 23. Rd1 Rc2 24. g3 Qf6 25. Bd3 Rb2 26. Rf1 Bh3 27. Rf2 Rxf2 28. Qxf2 Bd7 29. Rc1 Rc8 30. Rxc8 Bxc8 31. Kg2 Qd8 32. f4 exf4 33. gxf4 gxf4 34. Qxf4 Qg5+ 35. Kf3 Qf6 36. Ke3 Bd7 37. Qxf6+ Kxf6 38. Kf4 Ba4 39. Be2 Bc2 40. Bg4 b6 41. h4 a5 42. bxa5 bxa5 43. Bc8 Bd3 44. Bh3 Be2 45. Bc8 Bf1 46. Bg4 Bg2 47. Bc8 Ke7 48. Bb7 Bh3 49. Ba6 Bd7 50. Be2 Kf6 51. Bf1 Bc8 52. Be2 Bh3 53. Ba6 Bg2 54. Be2 Ke7 55. Bg4 Bf1 56. Bf3 Kf6 57. Bg4 Bb5 58. Bc8 Ba4 59. Bg4 Bb3 60. Bf3 Bc4 61. Bg4 Bb5 62. Bc8 Be2 63. Bh3 Bh5 64. Bc8 Bg6 65. Ba6 Ke7 66. Be2 f6 67. Bg4 Be8 68. Be6 Bg6 69. Bf5 Be8 70. Kg4 Bf7 71. Bh7 Kf8 72. Bf5 Ke7 73. h5 Be8 74. Be6 Kf8 75. Bc8 Ke7 76. Be6 Kf8 77. Bf5 Ke7 78. Kf4 Bb5 79. Bg6 Be2 80. Ke3 Bg4 81. Kf4 Be2 82. Ke3 Bg4 1/2-1/2

[Event "Corsica-St Pertersburg m"]
[Site "Corsica"]
[Date "2008.10.09"]
[Round "7"]
[White "Stepanov, Mikhail"]
[Black "Humeau, Cyril"]
[Result "1/2-1/2"]
[WhiteElo "2200"]
[BlackElo "2203"]
[PlyCount "83"]
[EventDate "2008.10.06"]
[EventType "match"]
[EventRounds "10"]
[EventCountry "FRA"]
[SourceTitle "CBM 127 Extra"]
[Source "ChessBase"]
[SourceDate "2009.01.08"]
[SourceVersion "2"]
[SourceVersionDate "2009.01.28"]
[SourceQuality "1"]

1. d4 Nf6 2. Nf3 c5 3. d5 g6 4. Nc3 Bg7 5. e4 0-0 6. Be2 d6 7. 0-0 Bg4 8. Nd2 Bxe2 9. Qxe2 Na6 10. Nc4 Nc7 11. a4 a6 12. a5 Nb5 13. Nxb5 axb5 14. Nb6 Ra6 15. Qxb5 Nxe4 16. Re1 Nf6 17. Bg5 h6 18. Bxf6 Bxf6 19. Ra4 Qc7 20. Rae4 Kg7 21. h3 Rd8 22. c3 Rg8 23. R1e3 Rd8 24. b4 e5 25. dxe6 d5 26. e7 dxe4 27. exd8Q Bxd8 28. bxc5 Qc6 29. Qb4 Be7 30. Qd4+ Bf6 31. Qxe4 Qxc5 32. Nd5 Rxa5 33. Nxf6 Ra1+ 34. Kh2 Qd6+ 35. Qe5 Qxf6 36. Qxf6+ Kxf6 37. Rf3+ Ke6 38. Re3+ Kd6 39. Rd3+ Ke6 40. Re3+ Kd6 41. Rd3+ Ke6 42. Re3+ 1/2-1/2

[Event "Corsica-St Pertersburg m"]
[Site "Corsica"]
[Date "2008.10.06"]
[Round "2"]
[White "Humeau, Cyril"]
[Black "Stepanov, Mikhail"]
[Result "1-0"]
[WhiteElo "2203"]
[BlackElo "2200"]
[PlyCount "51"]
[EventDate "2008.10.06"]
[EventType "match"]
[EventRounds "10"]
[EventCountry "FRA"]
[SourceTitle "CBM 127 Extra"]
[Source "ChessBase"]
[SourceDate "2009.01.08"]
[SourceVersion "2"]
[SourceVersionDate "2009.01.28"]
[SourceQuality "1"]

1. e4 c5 2. Nc3 Nc6 3. g3 g6 4. Bg2 Bg7 5. d3 d6 6. Be3 e6 7. Qd2 Nge7 8. Bh6 0-0 9. h4 Bxh6 10. Qxh6 f6 11. Qd2 e5 12. f4 Be6 13. 0-0-0 Qa5 14. h5 Bxa2 15. fxe5 dxe5 16. hxg6 hxg6 17. Nf3 Be6 18. Qh6 Kf7 19. Ng5+ fxg5 20. Rdf1+ Bf5 21. exf5 gxf5 22. Qxg5 Rg8 23. Rh7+ Ke6 24. Bd5+ Nxd5 25. Qxf5+ Kd6 26. Ne4# 1-0

[Event "Bastia m"]
[Site "Bastia"]
[Date "2008.05.07"]
[Round "9"]
[White "Humeau, Cyril"]
[Black "Stepanov, Mikhail"]
[Result "1/2-1/2"]
[WhiteElo "2148"]
[BlackElo "2160"]
[PlyCount "39"]
[EventDate "2008.04.03"]
[EventType "match"]
[EventRounds "10"]
[EventCountry "FRA"]
[SourceTitle "EXT 2009"]
[Source "ChessBase"]
[SourceDate "2008.11.26"]
[SourceVersion "1"]
[SourceVersionDate "2008.11.26"]
[SourceQuality "1"]

1. e4 e6 2. d4 d5 3. Nc3 Nf6 4. Bg5 Be7 5. e5 Nfd7 6. h4 c5 7. Nb5 f6 8. Bd3 fxg5 9. Qh5+ Kf8 10. Rh3 g6 11. Qh6+ Kg8 12. Bxg6 g4 13. Rg3 Bf8 14. Bf7+ Kxf7 15. Qh5+ Ke7 16. Qg5+ Ke8 17. Qh5+ Ke7 18. Qg5+ Ke8 19. Qh5+ Ke7 20. Qg5+ 1/2-1/2

[Event "Bastia m"]
[Site "Bastia"]
[Date "2008.05.06"]
[Round "7"]
[White "Humeau, Cyril"]
[Black "Stepanov, Mikhail"]
[Result "1/2-1/2"]
[WhiteElo "2148"]
[BlackElo "2160"]
[PlyCount "107"]
[EventDate "2008.04.03"]
[EventType "match"]
[EventRounds "10"]
[EventCountry "FRA"]
[SourceTitle "EXT 2009"]
[Source "ChessBase"]
[SourceDate "2008.11.26"]
[SourceVersion "1"]
[SourceVersionDate "2008.11.26"]
[SourceQuality "1"]

1. e4 e6 2. d4 d5 3. Nc3 Nf6 4. e5 Nfd7 5. f4 c5 6. Nf3 Nc6 7. Be3 Qb6 8. Na4 Qa5+ 9. c3 c4 10. b4 Qc7 11. Be2 Be7 12. 0-0 b5 13. Nc5 a5 14. a3 axb4 15. axb4 Rxa1 16. Qxa1 0-0 17. Nd2 Nxc5 18. dxc5 f6 19. Bd4 fxe5 20. fxe5 Rxf1+ 21. Qxf1 Nxe5 22. Qf4 Bf6 23. Kf1 Qf7 24. Nf3 Nxf3 25. Bxf3 Bxd4 26. Qxd4 Qf5 27. c6 Kf7 28. Ke2 h6 29. h4 Qd3+ 30. Qxd3 cxd3+ 31. Kxd3 Ke7 32. Bh5 Kd6 33. Be8 e5 34. g3 Bf5+ 35. Ke3 g5 36. Ke2 gxh4 37. gxh4 Kc7 38. Ke3 Be4 39. Bd7 Bg2 40. Kd3 Bf3 41. Be8 Bg4 42. Ke3 Bf5 43. Ke2 d4 44. cxd4 exd4 45. Kf3 Bc2 46. Kf4 Kd6 47. Kf3 Bd3 48. Kf4 Bh7 49. Kf3 Bb1 50. Kf4 Kc7 51. Kf3 Kd6 52. Kf4 Kc7 53. Kf3 Kd6 54. Kf4 1/2-1/2

[Event "Bastia m"]
[Site "Bastia"]
[Date "2008.05.04"]
[Round "3"]
[White "Humeau, Cyril"]
[Black "Stepanov, Mikhail"]
[Result "1-0"]
[WhiteElo "2148"]
[BlackElo "2160"]
[PlyCount "125"]
[EventDate "2008.04.03"]
[EventType "match"]
[EventRounds "10"]
[EventCountry "FRA"]
[SourceTitle "EXT 2009"]
[Source "ChessBase"]
[SourceDate "2008.11.26"]
[SourceVersion "1"]
[SourceVersionDate "2008.11.26"]
[SourceQuality "1"]

1. e4 e6 2. d4 d5 3. Nc3 Nf6 4. e5 Nfd7 5. f4 c5 6. Nf3 Nc6 7. Be3 Qb6 8. Qd2 Qxb2 9. Rb1 Qa3 10. Be2 a6 11. 0-0 cxd4 12. Nxd4 Nxd4 13. Bxd4 Bc5 14. Kh1 Bxd4 15. Qxd4 0-0 16. Rb4 b5 17. f5 Bb7 18. f6 Rfc8 19. Rb3 Qc5 20. Qh4 g6 21. Qh6 Qf8 22. Qf4 Rc7 23. Bd1 Rac8 24. Ne2 Rc4 25. Nd4 Ra4 26. Rb2 Qa3 27. Qh6 Qf8 28. Qf4 Rcc4 29. c3 Ra3 30. Bb3 Rxc3 31. Nc2 Ra5 32. Ne3 h6 33. Ng4 h5 34. Nh6+ Kh7 35. Nxf7 Qxf7 36. Qb4 Rc8 37. Qxa5 Nxe5 38. Re2 Nd7 39. a4 bxa4 40. Bxa4 Nc5 41. Bc2 d4 42. Re5 d3 43. Rxc5 dxc2 44. Rxc8 Bxc8 45. Qc3 Bb7 46. Qxc2 Bd5 47. Qc5 g5 48. Kg1 Kh6 49. Qe3 h4 50. Rf2 a5 51. g3 hxg3 52. hxg3 a4 53. Rh2+ Kg6 54. Qd3+ Kxf6 55. Rf2+ Kg7 56. Qd4+ Kf8 57. Rxf7+ Kxf7 58. Qxa4 Kf6 59. g4 Ke5 60. Kf2 Kf6 61. Ke3 Ke5 62. Qd4+ Kd6 63. Qf6 1-0

[Event "Bastia m"]
[Site "Bastia"]
[Date "2008.05.04"]
[Round "2"]
[White "Stepanov, Mikhail"]
[Black "Humeau, Cyril"]
[Result "1/2-1/2"]
[WhiteElo "2160"]
[BlackElo "2148"]
[PlyCount "123"]
[EventDate "2008.04.03"]
[EventType "match"]
[EventRounds "10"]
[EventCountry "FRA"]
[SourceTitle "EXT 2009"]
[Source "ChessBase"]
[SourceDate "2008.11.26"]
[SourceVersion "1"]
[SourceVersionDate "2008.11.26"]
[SourceQuality "1"]

1. Nf3 Nf6 2. g3 d5 3. Bg2 Bf5 4. 0-0 Nbd7 5. d4 h6 6. c4 c6 7. Nc3 e6 8. b3 Be7 9. Bb2 0-0 10. Qd2 Ne4 11. Nxe4 Bxe4 12. Qc3 a6 13. Ne5 Bxg2 14. Kxg2 Nxe5 15. dxe5 dxc4 16. Qxc4 Qd5+ 17. Qxd5 cxd5 18. Rac1 Rfc8 19. Kf3 Kf8 20. e4 dxe4+ 21. Kxe4 Ke8 22. g4 Rd8 23. Rc7 Rd2 24. Bd4 Rxa2 25. Rxb7 Rc8 26. Be3 Ra5 27. Rd1 Rb5 28. Ra7 Rb4+ 29. Kf3 Rxb3 30. Rxa6 Rbc3 31. Ke4 R3c4+ 32. Rd4 Rxd4+ 33. Kxd4 Bc5+ 34. Ke4 Bxe3 35. fxe3 Rc4+ 36. Kf3 Rc5 37. Kf4 Rc2 38. h4 g6 39. Ra8+ Ke7 40. Rh8 Rc4+ 41. Kf3 Rc5 42. Kf4 Rc4+ 43. Kf3 Rc5 44. Rxh6 Rxe5 45. h5 gxh5 46. Rxh5 Rxh5 47. gxh5 Kf6 48. Kg4 Kg7 49. e4 f6 50. Kf4 Kh6 51. Kg4 Kh7 52. Kf4 Kg7 53. Kg4 Kh6 54. Kh4 Kh7 55. Kg4 Kg7 56. Kg3 Kf7 57. Kf3 Ke7 58. Ke2 Ke8 59. Ke1 Kf7 60. Kf2 Kg7 61. Kg3 Kh6 62. Kg4 1/2-1/2